[Event "Verkhnya Salda-ch"]
[Site "Verkhnya Salda"]
[Date "2010.02.27"]
[Round "5"]
[White "Devaev, Lev"]
[Black "Figura, Aleksandar"]
[Result "1-0"]
[WhiteElo "2216"]
[BlackElo "2002"]
[PlyCount "87"]
[EventDate "2010.02.13"]
[EventType "tourn"]
[EventRounds "11"]
[EventCountry "RUS"]
[SourceTitle "EXT 2022"]
[Source "ChessBase"]
[SourceDate "2021.10.06"]
[SourceVersion "1"]
[SourceVersionDate "2021.10.06"]
[SourceQuality "1"]

1. d4 e6 2. c4 Nf6 3. Nf3 c5 4. d5 exd5 5. cxd5 d6 6. Nc3 Be7 7. e4 Bg4 8. Qa4+ Nfd7 9. Qb3 Qb6 10. Qxb6 Nxb6 11. Nb5 Kd7 12. Nc3 a6 13. Be2 Kc7 14. a4 Re8 15. 0-0 Bf6 16. Bd3 N6d7 17. Bd2 Ne5 18. Nxe5 Bxe5 19. h3 Bh5 20. Rfe1 Nd7 21. Kh1 h6 22. Rab1 g5 23. Bf1 Bg6 24. Bd3 Nf6 25. f3 Bxc3 26. Bxc3 Nxd5 27. Bd2 Nf6 28. Bc4 d5 29. exd5 Bxb1 30. Rxb1 Kd6 31. Bc3 Nh5 32. a5 Rab8 33. Ra1 f5 34. Kg1 Nf4 35. Kf2 Rbd8 36. Rd1 Ng6 37. Bg7 h5 38. Bf6 Rd7 39. Bxg5 Kc7 40. Bb3 Rd6 41. Be3 b6 42. g3 Ne5 43. Bc2 Nc4 44. Bf4 1-0

[Event "Verkhnya Salda-ch"]
[Site "Verkhnya Salda"]
[Date "2010.02.20"]
[Round "3"]
[White "Devaev, Lev"]
[Black "Figura, Ludmila"]
[Result "0-1"]
[WhiteElo "2216"]
[BlackElo "2188"]
[PlyCount "116"]
[EventDate "2010.02.13"]
[EventType "tourn"]
[EventRounds "11"]
[EventCountry "RUS"]
[SourceTitle "EXT 2022"]
[Source "ChessBase"]
[SourceDate "2021.10.06"]
[SourceVersion "1"]
[SourceVersionDate "2021.10.06"]
[SourceQuality "1"]

1. d4 Nf6 2. c4 e6 3. Nf3 d5 4. Nc3 c6 5. cxd5 exd5 6. Bg5 h6 7. Bh4 Be7 8. Qc2 0-0 9. e3 Ne4 10. Bxe7 Qxe7 11. Bd3 Bf5 12. 0-0 Nd7 13. Rfe1 Rae8 14. Nd2 Ndf6 15. Nf1 Bh7 16. f3 Nxc3 17. Qxc3 Bxd3 18. Qxd3 Qb4 19. a3 Qb6 20. Qc3 Rd8 21. Rad1 Ne8 22. b4 Nd6 23. a4 Rfe8 24. Ng3 Qa6 25. Ra1 Qc4 26. Rac1 Qxc3 27. Rxc3 Nc4 28. Kf2 g6 29. Rc2 a5 30. bxa5 Ra8 31. Ne4 dxe4 32. Rxc4 exf3 33. gxf3 Rxa5 34. Rb1 b5 35. Rxc6 bxa4 36. Ra1 a3 37. Ra2 Rb8 38. e4 Rb3 39. Rc1 Rh5 40. Kg3 Rg5+ 41. Kf4 Ra5 42. h4 Rh5 43. Rc8+ Kg7 44. Ra8 Rxh4+ 45. Kg3 Rxe4 46. R8xa3 Rxa3 47. Rxa3 Rxd4 48. Ra6 g5 49. Rb6 h5 50. Ra6 Rd3 51. Kf2 f6 52. Rb6 Kg6 53. Rb5 g4 54. fxg4 hxg4 55. Ra5 f5 56. Ra8 Kg5 57. Rb8 Rd2+ 58. Kg1 f4 0-1